Responses for Show #7346 - Monday, July 18, 2016

Contestants

[<< previous game]

Emily DeArdo, a writer from Reynoldsburg, Ohio

Hans Huizing, a principal from Red Deer, Alberta, Canada

Ellen Corrigan, a law clerk from Philadelphia, Pennsylvania (whose 2-day cash winnings total $23,200)

[next game >>]

Jeopardy! Round responses

SCIENCE
MUSIC FROM THE 2000s
DOUBLE U, DOUBLE V OR DOUBLE W
FASHION
LANGUAGES
MAN-AGRAMS
    $200 24
a light year

Emily
    $200 1
Blake Shelton

Ellen
    $200 6
vacuum

Emily
    $200 7
Victoria's Secret

Ellen
    $200 16
Spanish

Hans
    $200 17
William Shakespeare

Triple Stumper
    $400 25
(Ellen: What is balance?)

inertia

Ellen
Triple Stumper
    $400 2
Christina Aguilera

Ellen
    $400 22
glowworm

Hans
    $400 8
Vera Wang

Ellen
    $400 15
Dutch

Ellen
    $400 18
Albert Einstein

Ellen
    $600 26
a femur

Hans
    $600 3
The Black Eyed Peas

Ellen
    $600 23
skivvies

Emily
    $600 9
Miami Vice

Emily
    $600 12
Yiddish

Hans
    $600 19
(Emily: Who is Liszt? Hans Liszt?)

Franz Liszt

EllenEmily
    $800 27
(Emily: What is centrifugal force?)
...
(Alex: Less than a minute now.)

torque

Emily
Triple Stumper
    $800 4
Green Day

Ellen
    $1,800 29
a powwow

Hans
    $800 10
Vogue

Hans
    $800 13
Cockney

Emily
    $800 20
(Hans: Who is... um, oh, William Van Buren?)

Martin Van Buren

EllenHans
    $1000 28
a polymer

Triple Stumper
    $1000 5
(Alex: You are right, and you ran the category. Well done, young lady.)
[Applause]
(Alex: Now, do you want to give Hans and Emily a chance with the remaining categories?)

The Dave Matthews Band

Ellen
    $1000 30
divvy

Ellen
    $1000 11
Prada

Triple Stumper
    $1000 14
Tagalog

Hans
    $1000 21
Sigmund Freud

Hans

Scores at the first commercial break (after clue 15):

Ellen Hans Emily
$4,000 $2,400 $1,600

Scores at the end of the Jeopardy! Round:

Ellen Hans Emily
$6,400 $5,600 $1,000

Double Jeopardy! Round responses

4-LETTER ENTERTAINMENT
PUT IT THERE
QUICK AS THE DICKENS
PRES-POURRI
(Alex: About presidents.)
A MOUSE IN THE HOUSE
SOME MEAN RHYMES
(Alex: Each correct response will rhyme with the word "mean".)
    $400 7
Cars

Emily
    $400 26
Australia

Emily
    $400 6
Oliver Twist

Ellen
    $400 1
(Hans: What is the passing of bills?)

Commander-in-Chief

EllenHans
    $400 21
a gene

Emily
    $400 16
the green

Ellen
    $800 12
HGTV

Ellen
    $800 30
Oregon

Hans
    $800 8
Great Expectations

Ellen
    $800 2
the $2 bill

Hans
    $800 22
Hamlet

Hans
    $800 17
between

Emily
    $1200 13
MGMT

Ellen
    $3,000 29
the Atlantic Ocean

Hans
    $1200 9
A Tale of Two Cities

Ellen
    $1200 3
Dolley Madison

Emily
    $1200 23
Fievel

Hans
    $1200 18
a limousine

Emily
    $1600 14
Fame

Hans
    $1600 28
Yosemite National Park

Hans
    $1600 10
David Copperfield

Emily
    $1,200 4
(Emily: Who is Pierce?)

James K. Polk

Emily
    $1600 24
Of Mice and Men

Ellen
    $1600 19
convene

Ellen
    $2000 15
Salt

Ellen
    $2000 27
(Emily: What is Edinburgh?)

Dublin

Emily
Triple Stumper
    $2000 11
Hard Times

Triple Stumper
    $2000 5
George H.W. Bush

Triple Stumper
    $2000 25
(Emily: Who is Art Spielman?)
(Alex: Say it again.)
(Emily: Spielman?)
(Alex: No. Hans.)
(Hans: Who is Art Spiegel?)

Art Spiegelman

HansEmily
Triple Stumper
    $2000 20
Aberdeen

Triple Stumper

Scores at the end of the Double Jeopardy! Round:

Ellen Hans Emily
$16,800 $13,000 $1,800

[wagering suggestions for these scores]

Final Jeopardy! Round responses

INTERNATIONAL SPORTS
(Alex: If you win golf's Masters tournament, you wind up with a green jacket. If you win this event, you get something in yellow.)
EmilyWhat is the Tour de France?
$0
HansWhat is the wor
$8,937
EllenWhat is the Tour de France?
$0
the Tour de France

Final scores:

Ellen Hans Emily
$16,800 $4,063 $1,800
3-day champion: $40,000 2nd place: $2,000 3rd place: $1,000

Game dynamics:

Coryat scores:

Ellen Hans Emily
$16,800 $10,200 $3,000
22 R,
1 W
15 R
(including 2 DDs),
3 W
12 R,
5 W
(including 1 DD)

Combined Coryat: $30,000

[game clues] [game scores] [suggest correction]

Game tape date: 2016-04-26
The J! Archive is created by fans, for fans. Scraping, republication, monetization, and malicious use prohibited; this site may use cookies and collect identifying information. See terms. The Jeopardy! game show and all elements thereof, including but not limited to copyright and trademark thereto, are the property of Jeopardy Productions, Inc. and are protected under law. This website is not affiliated with, sponsored by, or operated by Jeopardy Productions, Inc. Join the discussion at JBoard.tv.